000 01248nam a22003617a 4500
003 CHAP
005 20251118124514.0
008 971010s1987 r 00010 d
010 _a65451
011 _a66423
035 _a74534
040 _cCHAP
090 _aTesis
100 1 0 _aSilerio García, Gustavo
_9105931
245 _aDiseño de un pasteurizador para leche de uso rural
260 _aChapingo, Méx. :
_bEl autor,
_c1987
300 _a229 h.
_b: ilus.
502 _aTesis (Ing. Agr. Esp. en Industrias Agrícolas) -- UACH. Departamento de Industrias Agrícolas
590 _aALEPH
_b10
_c20130110
_lUCH01
_h1357
590 _aBATCH-UPD
_b10
_c20130110
_lUCH01
_h0724
590 _aBATCH-UPD
_b10
_c20130410
_lUCH01
_h0408
590 _aBATCH-UPD
_b10
_c20130914
_lUCH01
_h1717
590 _aCONVERSION
_b10
_c20130109
_lUCH01
_h1336
650 1 4 _aLeche
_xPasteurización y esterilización.
_965397
650 1 4 _aQueso
_xProcesado.
_993233
901 _aBK
942 _cTESIS
949 _bBC
_cTES
_d-139189
_eTS1
_h19901
_i74534
_si
949 _bIA
_cTESBD
_d-66053
_eTS2
_fc.2
_i74534
_si
949 _bIA
_cTESBD
_d-66054
_eTS2
_fc.3
_i74534
_si
949 _bIA
_cTESBD
_d-66055
_eTS2
_fc.4
_i74534
_si
949 _bIA
_cTESBD
_d-7404
_eTS1
_i74534
_si
999 _c65451
_d65451